书目信息 |
| 题名: |
世界工艺史
|
|
| 作者: | 卢西-史密斯 , Lucie-Smith 著 ;朱淳 译 | |
| 分册: | ||
| 出版信息: | 杭州 中国美术学院出版社 2006 |
|
| 页数: | 304页 | |
| 开本: | 26cm | |
| 丛书名: | ||
| 单 册: | ||
| 中图分类: | J509.1 | |
| 科图分类: | ||
| 主题词: | 工艺美术史--世界 , 工艺美术史 | |
| 电子资源: | ||
| ISBN: | 7-81019-199-3 | |
| 000 | 01132nam0 2200313 450 | |
| 001 | 0194015856 | |
| 005 | 20170424082734.43 | |
| 010 | @a7-81019-199-3@dCNY50.00 | |
| 100 | @a20050814d2006 em y0chiy0110 ea | |
| 101 | 1 | @achi@ceng |
| 102 | @aCN@b330000 | |
| 105 | @aa z 001yy | |
| 106 | @ar | |
| 200 | 1 | @a世界工艺史@9shi jie gong yi shi@e手工艺人在社会中的作用@f(英)爱德华·露西-史密斯(Edward Lucie-Smith)著@g朱淳译 |
| 205 | @a2版@b修订版 | |
| 210 | @a杭州@c中国美术学院出版社@d2006 | |
| 215 | @a304页@c图@d26cm | |
| 320 | @a有索引 | |
| 330 | @a本书论述了上迄50万年前,下至20世纪70年代末世界范围内工艺发展的历史,阐述了各个历史时期手工艺家的社会地位、作用和手工艺风格、观念变迁等。 | |
| 510 | 1 | @aStory of craft@ethe craftsman's role in society@zeng |
| 517 | 1 | @a手工艺人在社会中的作用@9shou gong yi ren zai she hui zhong de zuo yong |
| 606 | 0 | @a工艺美术史@y世界 |
| 606 | 0 | @a工艺美术史 |
| 690 | @aJ509.1@v5 | |
| 701 | 1 | @a卢西-史密斯@9lu xi - shi mi si@bE.@4著 |
| 701 | 1 | @aLucie-Smith@bEdward@4著 |
| 702 | 0 | @a朱淳@9zhu chun@4译 |
| 801 | 0 | @aCN@bNLC@c20050814 |
| 905 | @b988606-09@dJ509.1@e432=2@f4 | |
| 世界工艺史:手工艺人在社会中的作用/(英)爱德华·露西-史密斯(Edward Lucie-Smith)著/朱淳译.-2版,修订版.-杭州:中国美术学院出版社,2006 |
| 304页:图;26cm |
| ISBN 7-81019-199-3:CNY50.00 |
| 本书论述了上迄50万年前,下至20世纪70年代末世界范围内工艺发展的历史,阐述了各个历史时期手工艺家的社会地位、作用和手工艺风格、观念变迁等。 |
| ● |
| 相关链接 |
|
|
|
|
正题名:世界工艺史
索取号:J509.1/432=2
 
预约/预借
| 序号 | 登录号 | 条形码 | 馆藏地/架位号 | 状态 | 备注 |
| 1 | 988606 | 209886060 | 第一样本阅览室/ [索取号:J509.1/432=2] | 在馆 | |
| 2 | 988607 | 209886079 | 密集书库-美术系/ [索取号:J509.1/432=2] | 在馆 | |
| 3 | 988608 | 209886088 | 第一借阅区/ [索取号:J509.1/432=2] | 在馆 | |
| 4 | 988609 | 209886097 | 第一借阅区/ [索取号:J509.1/432=2] | 在馆 |